Agricultural policies : at different levels of development (Record no. 499304)

000 -LEADER
fixed length control field 00395cam a22001097a 4500
008 - FIXED-LENGTH DATA ELEMENTS--GENERAL INFORMATION
fixed length control field 180718b1975 xxu||||| |||| 00| 0 eng d
082 ## - DEWEY DECIMAL CLASSIFICATION NUMBER
Classification number Z/ F39ag
245 ## - TITLE STATEMENT
Title Agricultural policies : at different levels of development
Statement of responsibility, etc. by Food and Agriculture Organization, Italy
260 ## - PUBLICATION, DISTRIBUTION, ETC.
Place of publication, distribution, etc. Rome
Name of publisher, distributor, etc. Food and Agriculture Organization
Date of publication, distribution, etc. 1975
300 ## - PHYSICAL DESCRIPTION
Extent 212+p.
700 ## - ADDED ENTRY--PERSONAL NAME
Personal name Itlay.Food and Agriculture Organization
Holdings
Withdrawn status Lost status Damaged status Not for loan Permanent Location Current Location Date acquired Full call number Barcode Date last seen Price effective from Koha item type
        Indian Institute of Public Administration Indian Institute of Public Administration 2018-08-04 Z/ F39ag G14103 2018-08-04 2018-08-04 G

Powered by Koha